| 000 | 00531nam a2200181Ia 4500 | ||
|---|---|---|---|
| 008 | 140527s9999 xx 000 0 und d | ||
| 020 | _a9789712356636 | ||
| 050 |
_aB 21 _b.R147 2010 |
||
| 100 | _aRamos, Christine Carmela R. | ||
| 245 |
_aIntroduction to philosophy / _cChristine Carmela R. Ramos. |
||
| 250 | _a2nd ed. | ||
| 260 |
_aManila : _bRex Book Store, _cc2010. |
||
| 300 |
_a294 p. : _c22 cm. |
||
| 500 | _aIncludes bibliographical references and index. | ||
| 521 | _aGE | ||
| 942 |
_kLOC _cBK |
||
| 999 |
_c117532 _d117532 |
||